El cuatro sagrado de los abuelos Ki-Ché escudriñando el Pop Wuj
Guardado en:
| Autor principal: | |
|---|---|
| Formato: | Desconocido |
| Lenguaje: | Spanish |
| Publicado: |
San José, Costa Rica
Liga Maya Internacional
1991
|
| Materias: | |
| Etiquetas: |
Agregar Etiqueta
Sin Etiquetas, Sea el primero en etiquetar este registro!
|
MARC
| LEADER | 000000000a22000000004500 | ||
|---|---|---|---|
| 001 | 001920 | ||
| 003 | CIICLA | ||
| 005 | 20140130103216.0 | ||
| 007 | ta | ||
| 008 | 140130s1991 cr |||f |||| 00| 0 spa d | ||
| 040 | |c cru CIICLA Universidad de Costa Rica | ||
| 041 | 0 | |a español | |
| 092 | 0 | |a 913.728.1 C117c | |
| 100 | 1 | |a Cabrera, Edgar | |
| 245 | 1 | 3 | |a El cuatro sagrado de los abuelos Ki-Ché |b escudriñando el Pop Wuj |c Edgar Cabrera |
| 260 | |a San José, Costa Rica |b Liga Maya Internacional |c 1991 | ||
| 300 | |a [20] páginas | ||
| 500 | |a número de inscripción 01151 | ||
| 650 | 4 | |a LIBROS SAGRADOS | |
| 650 | 4 | |a INDIOS QUICHE |x RELIGION Y MITOLOGIA | |
| 650 | 4 | |a MITOLOGIA MAYA | |
| 942 | |2 ddc |c BK | ||
| 999 | |c 2808 |d 2808 | ||
